| 000 | 00620 a2200181 4500 | ||
|---|---|---|---|
| 020 | _a9812560483 | ||
| 020 | _a9789812560483 | ||
| 082 | 0 | 4 | _a530.13 |
| 090 |
_c1611 _d1611 |
||
| 100 | 1 | _aPlischke, Michael. | |
| 245 | 1 | 0 |
_aEquilibrium statistical physics(3rd edition) / _cMichael Plischke, Birger Bergersen. |
| 250 | _a3rd ed. | ||
| 260 |
_a[S.l.] : _bWorld Scientific Pub Co Inc, _c2006. |
||
| 300 |
_a640 p. ; _c24 cm. |
||
| 700 | 1 | _aBergersen, Birger. | |
| 942 |
_aSNS _cBK _k530.13 PLI |
||
| 999 |
_c30220 _d30220 |
||